[Event "DEM U18 2003"]
[Site "Willingen GER"]
[Date "2003.06.08"]
[Round "1"]
[White "Lubbe, Nikolas"]
[Black "Rau, Hannes"]
[Result "0-1"]
[Termination "normal"]
[Board "1"]
[WhiteElo "2127"]
[BlackElo "2348"]
[PlyCount "78"]
[WhiteFideId "4694031"]
[BlackFideId "4657594"]
[EventCountry "GER"]
[EventRounds "9"]
[EventType "swiss"]
[EventDate "2003.06.07"]

1. d4 Nf6 2. Nf3 e6 3. e3 b6 4. Bd3 Bb7 5. Nbd2 c5 6. c3 d6 7. O-O Be7 8. Re1
O-O 9. e4 cxd4 10. cxd4 Nbd7 11. Nf1 e5 12. d5 g6 13. Ng3 Ne8 14. Bh6 Ng7 15.
Qd2 Nf6 16. b4 Ng4 17. Bxg7 Kxg7 18. h3 Nh6 19. Nh2 f5 20. exf5 Nxf5 21. Bxf5
gxf5 22. Qd3 Qd7 23. Rad1 Kh8 24. f4 e4 25. Qe2 Bh4 26. Qb2+ Qg7 27. Qxg7+ Kxg7
28. Re3 a5 29. a3 axb4 30. axb4 Ra2 31. Nhf1 Kg6 32. Rc3 Rc8 33. Rxc8 Bxc8 34.
Nh1 Ba6 35. g3 Bf6 36. g4 fxg4 37. hxg4 Bd3 38. Ne3 Bd4 39. Re1 Be2 0-1

[Event "DEM U18 2003"]
[Site "Willingen GER"]
[Date "2003.06.08"]
[Round "1"]
[White "Zaragatski, Ilja"]
[Black "Nazarenus, Moritz"]
[Result "1-0"]
[Termination "normal"]
[Board "2"]
[WhiteElo "2336"]
[BlackElo "2117"]
[PlyCount "55"]
[WhiteFideId "4655192"]
[BlackFideId "4670540"]
[EventCountry "GER"]
[EventRounds "9"]
[EventType "swiss"]
[EventDate "2003.06.07"]

1. e4 c6 2. d4 d5 3. exd5 cxd5 4. c4 Nf6 5. Nc3 Nc6 6. Nf3 Bg4 7. cxd5 Nxd5 8.
Qb3 Bxf3 9. gxf3 e6 10. Qxb7 Nxd4 11. Bb5+ Nxb5 12. Qc6+ Ke7 13. Qxb5 Qd7 14.
Nxd5+ Qxd5 15. Qxd5 exd5 16. O-O Ke6 17. Re1+ Kf5 18. Rd1 Ke6 19. Be3 Bd6 20.
Rac1 a6 21. Rd3 Rhd8 22. Bb6 Rd7 23. Rc6 Ke7 24. Re3+ Kf8 25. Rxd6 Rxd6 26. Bc5
Rad8 27. Re5 d4 28. Rd5 1-0

[Event "DEM U18 2003"]
[Site "Willingen GER"]
[Date "2003.06.08"]
[Round "1"]
[White "Holzschuh, Stephan"]
[Black "Braun, Arik"]
[Result "0-1"]
[Termination "normal"]
[Board "3"]
[WhiteElo "2107"]
[BlackElo "2324"]
[PlyCount "70"]
[WhiteFideId "4677471"]
[BlackFideId "4663527"]
[EventCountry "GER"]
[EventRounds "9"]
[EventType "swiss"]
[EventDate "2003.06.07"]

1. e4 c5 2. Nc3 e6 3. f4 Nc6 4. Nf3 g6 5. Bc4 Bg7 6. f5 Nge7 7. fxe6 fxe6 8. d3
d5 9. Bb3 b5 10. O-O c4 11. exd5 exd5 12. dxc4 dxc4 13. Qxd8+ Nxd8 14. Nxb5
cxb3 15. Nc7+ Kd7 16. Nxa8 bxc2 17. Rf2 Bb7 18. Rd2+ Nd5 19. Rxc2 Ne6 20. Bd2
Rxa8 21. Rd1 Nd4 22. Nxd4 Bxd4+ 23. Kh1 Re8 24. Bf4 Be5 25. Bxe5 Rxe5 26. h3
Ke6 27. Rcd2 h5 28. Kh2 h4 29. Rf2 g5 30. Rdd2 Nf4 31. Rd8 Ke7 32. Rdd2 Bd5 33.
b4 Ke6 34. a4 Re4 35. Rb2 Nd3 0-1

[Event "DEM U18 2003"]
[Site "Willingen GER"]
[Date "2003.06.08"]
[Round "1"]
[White "Seifert, Volker"]
[Black "Rezasade, Amir"]
[Result "1-0"]
[Termination "normal"]
[Board "4"]
[WhiteElo "2319"]
[BlackElo "2103"]
[PlyCount "53"]
[WhiteFideId "4658060"]
[BlackFideId "4692950"]
[EventCountry "GER"]
[EventRounds "9"]
[EventType "swiss"]
[EventDate "2003.06.07"]

1. d4 d5 2. c4 e6 3. Nc3 Be7 4. cxd5 exd5 5. Bf4 c6 6. e3 Bf5 7. g4 Be6 8. h3
Nf6 9. Bd3 O-O 10. Nf3 Re8 11. Qc2 g6 12. O-O-O a5 13. Bxb8 Qxb8 14. Ne5 Nd7
15. f4 Nxe5 16. dxe5 Bd7 17. h4 Bxg4 18. Rdg1 Bh5 19. Be2 Bxe2 20. Qxe2 Bf8 21.
h5 Bg7 22. Rg3 a4 23. hxg6 hxg6 24. Rgh3 a3 25. Qh2 axb2+ 26. Kxb2 Kf8 27. Rh7
1-0

[Event "DEM U18 2003"]
[Site "Willingen GER"]
[Date "2003.06.08"]
[Round "1"]
[White "Walter, Stefan"]
[Black "Gasthofer, Alexander"]
[Result "0-1"]
[Termination "normal"]
[Board "5"]
[WhiteElo "2100"]
[BlackElo "2316"]
[PlyCount "94"]
[WhiteFideId "4686608"]
[BlackFideId "4655150"]
[EventCountry "GER"]
[EventRounds "9"]
[EventType "swiss"]
[EventDate "2003.06.07"]

1. d4 Nf6 2. c4 d6 3. Nc3 Bf5 4. f3 e5 5. e4 exd4 6. Nb5 Be6 7. Nxd4 Nc6 8. Be3
Be7 9. Rc1 Nxd4 10. Qxd4 c6 11. Ne2 O-O 12. Nc3 d5 13. cxd5 cxd5 14. exd5 Bxd5
15. Bb5 a6 16. Ba4 b5 17. Bc2 Bc4 18. b3 Be6 19. O-O Rc8 20. Qxd8 Rfxd8 21. Nb1
Nd5 22. Bd2 Bc5+ 23. Kh1 Ne3 24. Bxe3 Bxe3 25. Rcd1 Rxd1 26. Rxd1 g5 27. Be4
Rc7 28. g4 Kg7 29. Kg2 b4 30. h4 gxh4 31. Kh3 Bg5 32. Rd4 a5 33. Nd2 Rc3 34.
Nc4 a4 35. Rd3 Rc2 36. Rd5 Bxd5 37. Bxc2 axb3 38. axb3 Bxf3 39. Ne5 Bd5 40. Nd3
Be7 41. Nf4 Be6 42. Bd1 h6 43. Bc2 Bg5 44. Nd3 h5 45. Bd1 Be7 46. Ne5 Kf6 47.
Nc6 Bd7 0-1

[Event "DEM U18 2003"]
[Site "Willingen GER"]
[Date "2003.06.08"]
[Round "1"]
[White "Boguslavskyy, Oleg"]
[Black "Suchin, Dimitry"]
[Result "1-0"]
[Termination "normal"]
[Board "6"]
[WhiteElo "2299"]
[BlackElo "2043"]
[PlyCount "59"]
[WhiteFideId "14113929"]
[BlackFideId "4671015"]
[EventCountry "GER"]
[EventRounds "9"]
[EventType "swiss"]
[EventDate "2003.06.07"]

1. e4 e6 2. d4 d5 3. Nc3 Bb4 4. Bd3 dxe4 5. Bxe4 Nf6 6. Bf3 O-O 7. Nge2 Nbd7 8.
O-O Nb6 9. Ne4 Nxe4 10. Bxe4 Nd5 11. c4 Nf6 12. Bc2 Be7 13. Qd3 b6 14. Ng3 Bb7
15. Bg5 g6 16. Rfe1 c6 17. Rad1 Re8 18. h4 Nd7 19. Bxe7 Qxe7 20. h5 Nf6 21. Qe3
Nd7 22. Qf4 Nf6 23. Rd3 Red8 24. Rf3 Ne8 25. hxg6 hxg6 26. Nh5 Rd7 27. Rg3 Kh7
28. Rh3 Kg8 29. Qh6 Qf8 30. Nf6+ 1-0

[Event "DEM U18 2003"]
[Site "Willingen GER"]
[Date "2003.06.08"]
[Round "1"]
[White "Schnock, Stefan"]
[Black "Bindrich, Falko"]
[Result "0-1"]
[Termination "normal"]
[Board "7"]
[WhiteElo "2037"]
[BlackElo "2284"]
[PlyCount "42"]
[WhiteFideId "4696646"]
[BlackFideId "4676670"]
[EventCountry "GER"]
[EventRounds "9"]
[EventType "swiss"]
[EventDate "2003.06.07"]

1. e4 c5 2. Nc3 d6 3. f4 Nc6 4. Nf3 g6 5. Bc4 Bg7 6. O-O e6 7. d3 Nge7 8. Qe1
h6 9. f5 gxf5 10. Nh4 Nd4 11. exf5 exf5 12. Nb5 d5 13. Bf4 O-O 14. Bd6 Nec6 15.
Bxf8 Kxf8 16. Bxd5 Nxb5 17. Nxf5 Qxd5 18. c4 Qxf5 19. Rxf5 Bxf5 20. cxb5 Nd4
21. Rc1 Re8 0-1

[Event "DEM U18 2003"]
[Site "Willingen GER"]
[Date "2003.06.08"]
[Round "1"]
[White "Fiebig, Thomas"]
[Black "Hort, Alexej"]
[Result "1-0"]
[Termination "normal"]
[Board "8"]
[WhiteElo "2255"]
[BlackElo "2015"]
[PlyCount "73"]
[WhiteFideId "4693922"]
[BlackFideId "4678125"]
[EventCountry "GER"]
[EventRounds "9"]
[EventType "swiss"]
[EventDate "2003.06.07"]

1. e4 c5 2. c3 d5 3. exd5 Qxd5 4. d4 e5 5. dxe5 Qxd1+ 6. Kxd1 Nc6 7. Bf4 Nge7
8. Nf3 Bg4 9. Be2 Ng6 10. Bg3 O-O-O+ 11. Nbd2 Bxf3 12. Bxf3 Ncxe5 13. Be4 Bd6
14. Kc2 Kb8 15. f3 Rhf8 16. Bxg6 Nxg6 17. Ne4 Bf4 18. Rad1 b6 19. Nd6 f5 20.
Rhe1 Bxg3 21. hxg3 a6 22. Nc4 Kc7 23. Rxd8 Rxd8 24. Re6 f4 25. gxf4 Nxf4 26.
Rxb6 Nxg2 27. Rxa6 Ne1+ 28. Kb3 Rb8+ 29. Ka4 Nxf3 30. b4 g5 31. b5 g4 32. Ra7+
Rb7 33. Ra8 Ng5 34. b6+ Kc6 35. Rd8 Ne4 36. Ka5 Re7 37. Ka6 1-0

[Event "DEM U18 2003"]
[Site "Willingen GER"]
[Date "2003.06.08"]
[Round "1"]
[White "Opitz, Alexander"]
[Black "Meinhardt, Maximilian"]
[Result "1/2-1/2"]
[Termination "normal"]
[Board "9"]
[WhiteElo "2057"]
[BlackElo "2225"]
[PlyCount "39"]
[BlackFideId "4668766"]
[EventCountry "GER"]
[EventRounds "9"]
[EventType "swiss"]
[EventDate "2003.06.07"]

1. e4 e6 2. d4 d5 3. e5 c5 4. c3 Qb6 5. Nf3 Nc6 6. a3 cxd4 7. cxd4 Nh6 8. Nc3
Nf5 9. Na4 Qd8 10. b4 Be7 11. Bb2 h5 12. Rc1 h4 13. h3 Kf8 14. Be2 Bg5 15. Rc3
Bf4 16. Bc1 Bxc1 17. Rxc1 Qe7 18. O-O g5 19. Bb5 Bd7 20. Nc5 1/2-1/2

[Event "DEM U18 2003"]
[Site "Willingen GER"]
[Date "2003.06.08"]
[Round "1"]
[White "Koch, Moritz"]
[Black "Grieger, Thomas"]
[Result "0-1"]
[Termination "normal"]
[Board "10"]
[WhiteElo "2213"]
[BlackElo "2044"]
[PlyCount "90"]
[WhiteFideId "4678460"]
[BlackFideId "4686616"]
[EventCountry "GER"]
[EventRounds "9"]
[EventType "swiss"]
[EventDate "2003.06.07"]

1. Nf3 Nf6 2. Nc3 g6 3. e4 d6 4. d4 Bg7 5. h3 O-O 6. Be3 c5 7. Be2 cxd4 8. Nxd4
Nc6 9. O-O d5 10. exd5 Nxd5 11. Nxd5 Qxd5 12. Bf3 Qa5 13. Nxc6 bxc6 14. c3 Rb8
15. Qc1 c5 16. Rd1 e6 17. Rd6 Re8 18. a3 c4 19. Rc6 Bb7 20. Rc5 Qa6 21. Be2 Bd5
22. b4 Qb7 23. f3 Rbc8 24. Ra5 a6 25. a4 Ra8 26. Rb1 e5 27. Qf1 Rec8 28. Rd1
Be6 29. Bc5 e4 30. Bd4 Rd8 31. Bxg7 Kxg7 32. fxe4 Qxe4 33. Bf3 Qe3+ 34. Kh1
Rab8 35. Rxa6 Qxc3 36. b5 Rd3 37. Re1 Bxh3 38. Be4 Re3 39. Rc1 Qe5 40. Bf3 Be6
41. b6 g5 42. Qd1 h5 43. b7 g4 44. Bc6 g3 45. Qd2 Rd8 0-1

[Event "DEM U18 2003"]
[Site "Willingen GER"]
[Date "2003.06.08"]
[Round "1"]
[White "Döhn, Raphael"]
[Black "Schaffer, Hendrik"]
[Result "0-1"]
[Termination "normal"]
[Board "11"]
[WhiteElo "2009"]
[BlackElo "2191"]
[PlyCount "34"]
[WhiteFideId "4695291"]
[BlackFideId "4663080"]
[EventCountry "GER"]
[EventRounds "9"]
[EventType "swiss"]
[EventDate "2003.06.07"]

1. e4 c5 2. Nf3 d6 3. d4 cxd4 4. Nxd4 Nf6 5. Nc3 g6 6. Be3 Bg7 7. f3 Nc6 8. Qd2
O-O 9. Bc4 Bd7 10. O-O-O Qa5 11. Nb3 Qc7 12. Nd5 Nxd5 13. Bxd5 Ne5 14. f4 Ng4
15. Bd4 e5 16. fxe5 dxe5 17. Bc4 Bh6 0-1

[Event "DEM U18 2003"]
[Site "Willingen GER"]
[Date "2003.06.08"]
[Round "1"]
[White "Schlichthaar, Robert"]
[Black "Pinchuk, Boris"]
[Result "1-0"]
[Termination "normal"]
[Board "12"]
[WhiteElo "2190"]
[BlackElo "1961"]
[PlyCount "89"]
[WhiteFideId "4672763"]
[EventCountry "GER"]
[EventRounds "9"]
[EventType "swiss"]
[EventDate "2003.06.07"]

1. e4 c5 2. Nf3 e6 3. d3 d5 4. Qe2 d4 5. g3 Nc6 6. e5 b6 7. Bg2 Bb7 8. O-O Qc7
9. c4 dxc3 10. bxc3 Nge7 11. Na3 a6 12. Rd1 Ng6 13. d4 cxd4 14. cxd4 Nge7 15.
Ng5 Rd8 16. Bb2 Nd5 17. Ne4 b5 18. Nc2 Na5 19. Rac1 Qb6 20. Ba3 b4 21. Rb1 Nc6
22. Bxb4 Ncxb4 23. a3 Qc6 24. Nxb4 Bxb4 25. Rxb4 Nc3 26. Qc2 Nxe4 27. Qxc6+
Bxc6 28. Re1 O-O 29. Bxe4 Bxe4 30. Rxe4 Rd5 31. Ra4 Ra8 32. Re3 h5 33. Rc3 Rad8
34. Rcc4 a5 35. f4 Kh7 36. Kg2 Kg6 37. Kf3 R8d7 38. Ke4 h4 39. g4 Rb7 40. Rc3
Rb8 41. Rh3 Rh8 42. Rc4 Rd7 43. Rc5 Rhd8 44. Rd3 Rd5 45. Rc6 1-0

[Event "DEM U18 2003"]
[Site "Willingen GER"]
[Date "2003.06.08"]
[Round "1"]
[White "Kosak, Michael"]
[Black "Kühner, Christian"]
[Result "1/2-1/2"]
[Termination "normal"]
[Board "13"]
[WhiteElo "1959"]
[BlackElo "2184"]
[PlyCount "53"]
[BlackFideId "4679440"]
[EventCountry "GER"]
[EventRounds "9"]
[EventType "swiss"]
[EventDate "2003.06.07"]

1. d4 Nf6 2. Nf3 e6 3. c4 b6 4. a3 Bb7 5. Nc3 d5 6. Bg5 Be7 7. e3 Nbd7 8. Bd3
O-O 9. O-O h6 10. Bh4 c5 11. Qe2 Ne4 12. Bxe7 Nxc3 13. bxc3 Qxe7 14. cxd5 exd5
15. a4 g6 16. Rfb1 Rfc8 17. a5 Qd6 18. Qb2 Bc6 19. axb6 axb6 20. Bb5 Bxb5 21.
Qxb5 Rxa1 22. Rxa1 Qc6 23. Qxc6 Rxc6 24. Kf1 Kf8 25. Ra7 Ke8 26. Ke2 Kd8 27.
dxc5 1/2-1/2

[Event "DEM U18 2003"]
[Site "Willingen GER"]
[Date "2003.06.08"]
[Round "1"]
[White "Jovalekic, Oliver"]
[Black "Rehfeldt, Frank"]
[Result "1/2-1/2"]
[Termination "normal"]
[Board "14"]
[WhiteElo "2152"]
[BlackElo "1922"]
[PlyCount "50"]
[WhiteFideId "4682530"]
[EventCountry "GER"]
[EventRounds "9"]
[EventType "swiss"]
[EventDate "2003.06.07"]

1. e4 c6 2. d4 d5 3. e5 Bf5 4. Be3 e6 5. Nd2 Qb6 6. Nb3 Nd7 7. g4 Be4 8. f3 Bg6
9. Ne2 Nxe5 10. Nf4 Nxf3+ 11. Kf2 Ng5 12. Bd3 Ne4+ 13. Kg2 Ngf6 14. g5 Ng8 15.
Nxg6 hxg6 16. Bxe4 dxe4 17. Qg4 Ne7 18. Qxe4 Nf5 19. Bf2 Qd8 20. h4 Qd5 21.
Qxd5 cxd5 22. Nd2 Rc8 23. Rac1 Bd6 24. Kf3 Kd7 25. c3 a6 1/2-1/2

[Event "DEM U18 2003"]
[Site "Willingen GER"]
[Date "2003.06.08"]
[Round "2"]
[White "Rau, Hannes"]
[Black "Boguslavskyy, Oleg"]
[Result "1/2-1/2"]
[Termination "normal"]
[Board "1"]
[WhiteElo "2348"]
[BlackElo "2299"]
[PlyCount "106"]
[WhiteFideId "4657594"]
[BlackFideId "14113929"]
[EventCountry "GER"]
[EventRounds "9"]
[EventType "swiss"]
[EventDate "2003.06.07"]

1. d4 d5 2. c4 e6 3. Nc3 Be7 4. Nf3 Nf6 5. cxd5 exd5 6. Bg5 O-O 7. e3 h6 8. Bh4
b6 9. Ne5 Bb7 10. Qa4 a6 11. Be2 Nfd7 12. Bxe7 Qxe7 13. Nd3 c5 14. dxc5 Nxc5
15. Nxc5 bxc5 16. O-O-O Rd8 17. Bf3 Bc6 18. Qf4 Qe6 19. h4 a5 20. Rd2 Na6 21.
Rhd1 Nb4 22. a3 d4 23. exd4 Qc4 24. Kb1 Rdb8 25. Be2 Qb3 26. dxc5 Nd5 27. Nxd5
Bxd5 28. Kc1 Qa2 29. Qf5 Bb3 30. Qb1 Qxb1+ 31. Kxb1 Bxd1 32. Rxd1 Ra7 33. c6
Kf8 34. Bf3 Ke7 35. Kc2 Rd8 36. Re1+ Kd6 37. Kc3 Re7 38. Rc1 Kc7 39. b4 Re5 40.
Rb1 a4 41. h5 Kb6 42. Rh1 Rd6 43. Rh4 Re1 44. Rf4 Rc1+ 45. Kb2 Rf1 46. Rxf7
Rxf2+ 47. Kc3 Rxc6+ 48. Bxc6 Rxf7 49. Bxa4 Rf2 50. g4 Ra2 51. Kb3 Rd2 52. Kc3
Ra2 53. Kb3 Rd2 1/2-1/2

[Event "DEM U18 2003"]
[Site "Willingen GER"]
[Date "2003.06.08"]
[Round "2"]
[White "Bindrich, Falko"]
[Black "Zaragatski, Ilja"]
[Result "1/2-1/2"]
[Termination "normal"]
[Board "2"]
[WhiteElo "2284"]
[BlackElo "2336"]
[PlyCount "47"]
[WhiteFideId "4676670"]
[BlackFideId "4655192"]
[EventCountry "GER"]
[EventRounds "9"]
[EventType "swiss"]
[EventDate "2003.06.07"]

1. e4 e6 2. d4 d5 3. Nc3 Nf6 4. e5 Nfd7 5. Nce2 c5 6. f4 Nc6 7. Nf3 b5 8. a3
Rb8 9. Be3 b4 10. axb4 Rxb4 11. b3 a5 12. c3 Rb8 13. Nc1 Qb6 14. dxc5 Bxc5 15.
Bxc5 Nxc5 16. Nd4 O-O 17. Bd3 Nxd4 18. cxd4 Qb4+ 19. Ke2 Qc3 20. Ra2 Nxb3 21.
Nxb3 Rxb3 22. Qc2 Qxc2+ 23. Bxc2 Ba6+ 24. Kd2 1/2-1/2

[Event "DEM U18 2003"]
[Site "Willingen GER"]
[Date "2003.06.08"]
[Round "2"]
[White "Braun, Arik"]
[Black "Fiebig, Thomas"]
[Result "1-0"]
[Termination "normal"]
[Board "3"]
[WhiteElo "2324"]
[BlackElo "2255"]
[PlyCount "65"]
[WhiteFideId "4663527"]
[BlackFideId "4693922"]
[EventCountry "GER"]
[EventRounds "9"]
[EventType "swiss"]
[EventDate "2003.06.07"]

1. d4 d5 2. c4 e6 3. Nc3 Be7 4. Nf3 Nf6 5. cxd5 exd5 6. Bg5 c6 7. Qc2 g6 8. e3
Bf5 9. Bd3 Bxd3 10. Qxd3 Nbd7 11. Bh6 Bf8 12. Bxf8 Kxf8 13. O-O-O Kg7 14. Ne5
Nxe5 15. dxe5 Ng4 16. Qe2 Nxe5 17. e4 Qg5+ 18. Kb1 dxe4 19. Nxe4 Qf5 20. Ka1 b6
21. Rhe1 Ng4 22. Nd6 Qh5 23. Qc4 Rhf8 24. Qd4+ Kg8 25. h3 Nh6 26. Ne4 Nf5 27.
Nf6+ Kh8 28. Qc3 Qh4 29. Re4 Qh6 30. Nd7+ Ng7 31. Nxf8 Rxf8 32. Qxc6 Qh5 33.
Qd5 1-0

[Event "DEM U18 2003"]
[Site "Willingen GER"]
[Date "2003.06.08"]
[Round "2"]
[White "Gasthofer, Alexander"]
[Black "Schlichthaar, Robert"]
[Result "0-1"]
[Termination "normal"]
[Board "5"]
[WhiteElo "2316"]
[BlackElo "2190"]
[PlyCount "76"]
[WhiteFideId "4655150"]
[BlackFideId "4672763"]
[EventCountry "GER"]
[EventRounds "9"]
[EventType "swiss"]
[EventDate "2003.06.07"]

1. Nf3 Nf6 2. g3 g6 3. c4 Bg7 4. d4 c6 5. Bg2 d5 6. cxd5 cxd5 7. O-O O-O 8. Nc3
Ne4 9. Ne5 Nxc3 10. bxc3 Nc6 11. Nxc6 bxc6 12. Ba3 Re8 13. e4 Ba6 14. Re1 Bc4
15. e5 e6 16. Qd2 Bf8 17. Bxf8 Rxf8 18. Qh6 Rb8 19. Qd2 Qa5 20. Bf1 Bxf1 21.
Rxf1 c5 22. dxc5 Qxc5 23. Rab1 Rfc8 24. Rb4 a5 25. Rxb8 Rxb8 26. Re1 a4 27. h4
h5 28. Rc1 Qc4 29. Kh2 a3 30. Kg1 Qe4 31. Qg5 Qe2 32. Ra1 Qf3 33. Qd2 Rb2 34.
Qd4 Rc2 35. Qc5 Rxc3 36. Qb6 Rc2 37. Qa7 Qc3 38. Rb1 Rb2 0-1

[Event "DEM U18 2003"]
[Site "Willingen GER"]
[Date "2003.06.08"]
[Round "2"]
[White "Grieger, Thomas"]
[Black "Jovalekic, Oliver"]
[Result "1/2-1/2"]
[Termination "normal"]
[Board "6"]
[WhiteElo "2044"]
[BlackElo "2152"]
[PlyCount "71"]
[WhiteFideId "4686616"]
[BlackFideId "4682530"]
[EventCountry "GER"]
[EventRounds "9"]
[EventType "swiss"]
[EventDate "2003.06.07"]

1. e4 e6 2. d4 d5 3. Nd2 c5 4. exd5 exd5 5. Bb5+ Nc6 6. Qe2+ Qe7 7. dxc5 Qxe2+
8. Nxe2 Bxc5 9. Nb3 Bb6 10. Bf4 Nge7 11. O-O O-O 12. Rfd1 Bf5 13. Ned4 Bg6 14.
c3 Rfd8 15. Rd2 Nxd4 16. Nxd4 Nf5 17. Nxf5 Bxf5 18. Be5 a6 19. Ba4 f6 20. Bd4
Bc7 21. Be3 Be6 22. Bb3 Rd7 23. Rad1 Rad8 24. c4 d4 25. Rxd4 Rxd4 26. Rxd4 Rxd4
27. Bxd4 b5 28. cxb5 Bxb3 29. axb3 axb5 30. g3 Kf7 31. Kf1 Ke6 32. Ke2 Kd5 33.
Kd3 Bd8 34. h3 g6 35. f3 f5 36. g4 1/2-1/2

[Event "DEM U18 2003"]
[Site "Willingen GER"]
[Date "2003.06.08"]
[Round "2"]
[White "Meinhardt, Maximilian"]
[Black "Kosak, Michael"]
[Result "1-0"]
[Termination "normal"]
[Board "7"]
[WhiteElo "2225"]
[BlackElo "1959"]
[PlyCount "43"]
[WhiteFideId "4668766"]
[EventCountry "GER"]
[EventRounds "9"]
[EventType "swiss"]
[EventDate "2003.06.07"]

1. e4 c5 2. Nf3 d6 3. d4 cxd4 4. Nxd4 Nf6 5. Nc3 a6 6. Bc4 e6 7. Bb3 b5 8. O-O
Be7 9. Qf3 Qc7 10. Qg3 O-O 11. Bh6 Ne8 12. Rad1 Nc6 13. Nxc6 Qxc6 14. Nd5 Bd8
15. Rd3 Bd7 16. Rc3 Qb7 17. Rc7 Bxc7 18. Nf6+ Kh8 19. Bxg7+ Nxg7 20. Qh4 h5 21.
Bd5 exd5 22. Qg5 1-0

[Event "DEM U18 2003"]
[Site "Willingen GER"]
[Date "2003.06.08"]
[Round "2"]
[White "Kühner, Christian"]
[Black "Opitz, Alexander"]
[Result "1/2-1/2"]
[Termination "normal"]
[Board "8"]
[WhiteElo "2184"]
[BlackElo "2057"]
[PlyCount "47"]
[WhiteFideId "4679440"]
[EventCountry "GER"]
[EventRounds "9"]
[EventType "swiss"]
[EventDate "2003.06.07"]

1. c4 c6 2. e4 d5 3. exd5 cxd5 4. d4 Nf6 5. Nc3 Nc6 6. Nf3 Bg4 7. cxd5 Nxd5 8.
Bc4 e6 9. Nxd5 exd5 10. Be2 Bd6 11. h3 Bh5 12. O-O O-O 13. Be3 Qb6 14. a3 Rfe8
15. Qd2 Na5 16. Qd3 Nc4 17. Qf5 Bg6 18. Qxd5 Nxe3 19. fxe3 Rad8 20. Qb5 Qxb5
21. Bxb5 Rxe3 22. Nh4 Bd3 23. Bxd3 Rxd3 24. Rad1 1/2-1/2

[Event "DEM U18 2003"]
[Site "Willingen GER"]
[Date "2003.06.08"]
[Round "2"]
[White "Rehfeldt, Frank"]
[Black "Koch, Moritz"]
[Result "0-1"]
[Termination "normal"]
[Board "9"]
[WhiteElo "1922"]
[BlackElo "2213"]
[PlyCount "62"]
[BlackFideId "4678460"]
[EventCountry "GER"]
[EventRounds "9"]
[EventType "swiss"]
[EventDate "2003.06.07"]

1. e4 c5 2. Nf3 e6 3. d4 cxd4 4. Nxd4 Qb6 5. Nb3 a6 6. c4 Nf6 7. Nc3 Qc7 8. Be3
Be7 9. Be2 O-O 10. O-O d6 11. Rc1 b6 12. Kh1 Bb7 13. f3 Nbd7 14. Qe1 Rac8 15.
Qf2 Bd8 16. Rfd1 Qb8 17. Qg3 Ne5 18. Nd2 Bc7 19. f4 Ned7 20. Bf3 Nc5 21. Bxc5
bxc5 22. Rb1 Nd7 23. Ne2 Rfd8 24. b4 cxb4 25. Rxb4 Qa8 26. e5 Bxf3 27. Nxf3
dxe5 28. fxe5 Nxe5 29. Rxd8+ Rxd8 30. Nxe5 Rd1+ 31. Ng1 Qa7 0-1

[Event "DEM U18 2003"]
[Site "Willingen GER"]
[Date "2003.06.08"]
[Round "2"]
[White "Suchin, Dimitry"]
[Black "Lubbe, Nikolas"]
[Result "0-1"]
[Termination "normal"]
[Board "10"]
[WhiteElo "2043"]
[BlackElo "2127"]
[PlyCount "128"]
[WhiteFideId "4671015"]
[BlackFideId "4694031"]
[EventCountry "GER"]
[EventRounds "9"]
[EventType "swiss"]
[EventDate "2003.06.07"]

1. d4 d5 2. c4 e6 3. Nc3 c6 4. e3 f5 5. Bd3 Nf6 6. Nge2 Bd6 7. Qc2 Nbd7 8. f3
Nh5 9. O-O O-O 10. Nf4 Nxf4 11. exf4 dxc4 12. Bxc4 Nb6 13. Bb3 Bxf4 14. Ne2 Bd6
15. Bd2 Kh8 16. f4 Nd5 17. g3 Qb6 18. Kh1 Bd7 19. Qd3 c5 20. Bxd5 exd5 21. Be3
Bb5 22. Qd2 Bxe2 23. Qxe2 cxd4 24. Bf2 Rae8 25. Qd2 Re4 26. Rad1 Bc5 27. a3 a5
28. Qc2 Qb5 29. Rfe1 b6 30. a4 Qb4 31. Rf1 Qc4 32. Rc1 Qxc2 33. Rxc2 Rfe8 34.
Rd1 g6 35. Rcd2 d3 36. Bxc5 bxc5 37. Rxd3 d4 38. Rb3 c4 39. Rb5 d3 40. Rd5 Re1+
41. Rxe1 Rxe1+ 42. Kg2 Re2+ 43. Kf3 Rxb2 44. Ke3 Ra2 45. Kd4 Rxa4 46. Kc3 Ra2
47. Kxc4 Rxh2 48. Rxd3 Kg7 49. Kd4 Ra2 50. Ke3 Kh6 51. Kf3 Kh5 52. Rc3 a4 53.
g4+ fxg4+ 54. Kg3 Ra1 55. Rc5+ Kh6 56. Kxg4 a3 57. Rc2 a2 58. Rh2+ Kg7 59. Kh3
Kf6 60. Kh4 Kf5 61. Kh3 h6 62. Kh4 Kxf4 63. Kh3 g5 64. Rxa2 g4+ 0-1

[Event "DEM U18 2003"]
[Site "Willingen GER"]
[Date "2003.06.08"]
[Round "2"]
[White "Nazarenus, Moritz"]
[Black "Schnock, Stefan"]
[Result "0-1"]
[Termination "normal"]
[Board "11"]
[WhiteElo "2117"]
[BlackElo "2037"]
[PlyCount "37"]
[WhiteFideId "4670540"]
[BlackFideId "4696646"]
[EventCountry "GER"]
[EventRounds "9"]
[EventType "swiss"]
[EventDate "2003.06.07"]

1. d4 d5 2. c4 Nc6 3. cxd5 Qxd5 4. e3 e5 5. Nc3 Bb4 6. Bd2 Bxc3 7. Bxc3 exd4 8.
Ne2 Nf6 9. Nxd4 O-O 10. Be2 Ne4 11. Bf3 Ne5 12. Bxe4 Qxe4 13. O-O Rd8 14. Qc2
Rxd4 15. Qxe4 Rxe4 16. f3 Rxe3 17. Bd4 Re2 18. Rfd1 Nc6 19. Bc3 0-1

[Event "DEM U18 2003"]
[Site "Willingen GER"]
[Date "2003.06.08"]
[Round "2"]
[White "Hort, Alexej"]
[Black "Holzschuh, Stephan"]
[Result "1-0"]
[Termination "normal"]
[Board "12"]
[WhiteElo "2015"]
[BlackElo "2107"]
[PlyCount "63"]
[WhiteFideId "4678125"]
[BlackFideId "4677471"]
[EventCountry "GER"]
[EventRounds "9"]
[EventType "swiss"]
[EventDate "2003.06.07"]

1. d4 Nf6 2. c4 g6 3. Nc3 Bg7 4. e4 d6 5. Be2 O-O 6. Nf3 e5 7. O-O Nc6 8. d5
Ne7 9. b4 Nh5 10. c5 f5 11. Qb3 Kh8 12. Ng5 Nf6 13. f3 Nh5 14. Ne6 Bxe6 15.
dxe6 fxe4 16. fxe4 Rxf1+ 17. Bxf1 dxc5 18. Be3 cxb4 19. Rd1 Qf8 20. Nb5 c6 21.
Nd6 b6 22. Nf7+ Kg8 23. Qxb4 c5 24. Qa4 Nf6 25. Be2 h6 26. Rf1 Kh7 27. Nxe5 Qc8
28. Nd7 Ne8 29. Rf7 Qc6 30. Bb5 Qc7 31. Rxe7 Kh8 32. Nf8 1-0

[Event "DEM U18 2003"]
[Site "Willingen GER"]
[Date "2003.06.08"]
[Round "2"]
[White "Rezasade, Amir"]
[Black "Döhn, Raphael"]
[Result "0-1"]
[Termination "normal"]
[Board "13"]
[WhiteElo "2103"]
[BlackElo "2009"]
[PlyCount "64"]
[WhiteFideId "4692950"]
[BlackFideId "4695291"]
[EventCountry "GER"]
[EventRounds "9"]
[EventType "swiss"]
[EventDate "2003.06.07"]

1. d4 Nf6 2. c4 g6 3. Nc3 Bg7 4. e4 d6 5. Nf3 O-O 6. Be2 e5 7. O-O Nc6 8. d5
Ne7 9. b4 Nh5 10. Re1 f5 11. Ng5 Nf6 12. f3 Nh5 13. c5 Nf4 14. Bc4 fxe4 15.
fxe4 Kh8 16. Ne6 Bxe6 17. dxe6 Nc6 18. Be3 Nd4 19. Nb5 Nxb5 20. Bxb5 Nxe6 21.
cxd6 cxd6 22. Bc4 Nd4 23. Qd2 Rc8 24. Rac1 b5 25. Bxd4 exd4 26. Bxb5 Rc3 27. a4
Qh4 28. Rf1 Rxf1+ 29. Rxf1 Be5 30. h3 Qg3 31. Qh6 Qh2+ 32. Kf2 Bg3+ 0-1